Gaming Quiz

Random Gaming or Video Games Quiz

Poké Ball by Picture Quiz Stats

 Plays Quiz Updated Mar 19, 2020

Support Sporcle.
Go Orange.
Score 0/24 Timer 05:00
14 Plays Today
Variant of Poké Ball % Correct
Poké Ball
99%
Master Ball
93.3%
Great Ball
93.2%
Ultra Ball
90.7%
Dusk Ball
77.5%
Love Ball
76.9%
Net Ball
76.7%
Safari Ball
70%
Quick Ball
67.6%
Premier Ball
65.1%
Dive Ball
64.2%
Timer Ball
61.8%
Variant of Poké Ball % Correct
Luxury Ball
57.9%
Heal Ball
55.6%
Heavy Ball
55.5%
Moon Ball
54.7%
Fast Ball
51.6%
Repeat Ball
48.5%
Nest Ball
46.3%
Friend Ball
38.5%
Cherish Ball
33.6%
Lure Ball
32.4%
Level Ball
32.3%
Sport Ball
28.2%

You're not logged in!

Compare scores with friends on all Sporcle quizzes.
OR
Log In

From the Vault

Celebrity ALS Ice Bucket Challenge

by Tom007

The ALS Ice Bucket Challenge is the perfect combination of helping to fight a terrible disease and humiliating people on the Internet. Click here to help out!
Remove Ads.
Support Sporcle.
Get the best of Sporcle when you Go Orange. This ad-free experience offers more features, more stats, and more fun while also helping to support Sporcle. Thank you for becoming a member.

Show Comments

Extras

Top Quizzes Today


Score Distribution

Your Account Isn't Verified!

In order to create a playlist on Sporcle, you need to verify the email address you used during registration. Go to your Sporcle Settings to finish the process.

Report this User

Report this user for behavior that violates our Community Guidelines.

Details: